000 00840nam a2200217 a 4500
003 0
005 20250605141910.0
008 021121s19uu xx 00 eng d
010 _a-
050 _aPGS LB 2838
_b.Or77 2000
100 _aOrtega, Ma. Victori M.
245 4 _aA survey on characteristics and traits of Elizalde teachers as perceived by the Elizalde campus parents school year 1999-2000 /
_cMa. Victori M. Ortega.
260 _aLas PiƱas City, Philippines :
_bSouthville International School and Colleges,
_c2000.
300 _a42 pages :
_bcolored illustration.
_c28 cm.
504 _aIncludes bibliographical references.
650 _aTeachers
_vRating of.
650 _aTeachers
_vProfessional relationships.
650 _aTeachers
_vPublic opinion.
650 _aTeacher effectiveness
_vEvaluation.
942 _2lcc
_cPASS
999 _c96337
_d96337